| 000 | 00455nam a2200145 a 4500 | ||
|---|---|---|---|
| 001 | 000032074 | ||
| 005 | 20200930063416.0 | ||
| 008 | 090429s1950 dr a 000 0 spa d | ||
| 040 |
_aDO-SdBNP _bspa _cBNPHU |
||
| 082 |
_axxxx _bD186g |
||
| 245 | 1 | 0 |
_aGuía social : _bRepública Dominicana 1949 -1950 / _cpresentación Diódoro Danilo. |
| 260 |
_aCiudad Trujillo, República Dominicana : _b[s. n.], _c[1950]. |
||
| 300 |
_a421 p. : ; _c25 cm. |
||
| 049 | _aBNPD | ||
| 999 |
_c31565 _d31565 |
||